| 000 | 00389nam a2200157Ia 4500 | ||
|---|---|---|---|
| 008 | 221030s9999 xx 000 0 und d | ||
| 020 | _a818805707X | ||
| 041 | _aEnglish | ||
| 082 |
_a105.23 _bTat |
||
| 100 | _aD. Tatpuje | ||
| 245 | 0 | _aComputer Applications | |
| 260 |
_bLearning materials Centre ISTE, New Delhi _aIndia _c2001 |
||
| 300 | _a6.73 | ||
| 650 | _aBE Computer | ||
| 942 | _cBK | ||
| 999 |
_c2742 _d2742 |
||